期刊信息 |
| 索取号 |
TP3/ITAR
|
| 题名 |
ITARCHITECT
|
| 作者 |
THE NETWORK COMPUTING ENTERPRISE ARCHITECTURE GROUP
|
| 分册号 |
|
| 分册名 |
|
| 出版地 |
伦敦
|
| 出版者 |
Bearpark Publishing Company
|
| 标准刊号 |
|
| 出版频率 |
月刊
|
| 中图法分类 |
TP3
|
| 主题词 |
计算技术; 电子计算机
|
| 电子资源 | |
| |
|
| 000 | 00618nas0 2200193 45 | |
| 001 | 0737365418 | |
| 005 | 20160408102320.09 | |
| 100 | @a20070523d km y0chiy0120 ea | |
| 101 | 0 | @aeng |
| 200 | 1 | @aITARCHITECT@fTHE NETWORK COMPUTING ENTERPRISE ARCHITECTURE GROUP |
| 210 | @a伦敦@cBearpark Publishing Company | |
| 300 | @aANALYZING THE RISKS AND BENEFITS OF LEADING-EDGE TECHNOLOGIES; FORMERLY NETWORK MAGAZINE | |
| 326 | @a月刊 | |
| 606 | 0 | @a计算技术 |
| 606 | 0 | @a电子计算机 |
| 690 | @aTP3@v4 | |
| 701 | 0 | @aTHE NETWORK COMPUTING ENTERPRISE ARCHITECTURE GROUP |
| 801 | 0 | @aCN@bPFT@c20070523 |
| 905 | @aTJWY@dTP3@eITAR | |
| ITARCHITECT/THE NETWORK COMPUTING ENTERPRISE ARCHITECTURE GROUP.-伦敦:Bearpark Publishing Company |
| ANALYZING THE RISKS AND BENEFITS OF LEADING-EDGE TECHNOLOGIES; FORMERLY NETWORK MAGAZINE |
| ● |
| 相关链接: |
|
|
|
|